La Alimentación escolar como un servicio a la niñez: lineamientos para la planificación de programas de alimentación escolar/ Richard Loewald (Record no. 131865)

MARC details
000 -CABECERA
campo de control de longitud fija 00840nam a2200241 a 4500
005 - FECHA Y HORA DE LA ÚLTIMA TRANSACCIÓN
campo de control 20210223130617.0
008 - ELEMENTOS DE LONGITUD FIJA--INFORMACIÓN GENERAL
campo de control de longitud fija 080918s2000 mx r 000 0 spa d
035 ## - NÚMERO DE CONTROL DEL SISTEMA
Número de control de sistema UPN01000159751
049 ## - COLECCIÓN
Colección UNE
080 ## - NÚMERO DE CLASIFICACIÓN DECIMAL UNIVERSAL
Número de la Clasificación Decimal Universal 613.22 (07) (-77) LOE No.23.
100 1# - ASIENTO PRINCIPAL--NOMBRE PERSONAL
Nombre de persona Loewald, Richard.
245 13 - MENCIÓN DE TÍTULO
Título La Alimentación escolar como un servicio a la niñez: lineamientos para la planificación de programas de alimentación escolar/ Richard Loewald
260 ## - PUBLICACIÓN, DISTRIBUCIÓN, ETC.
Lugar de publicación, distribución, etc. París : UNESCO; Nueva York : UNICEF; Roma : PMA, 1985.
300 ## - DESCRIPCIÓN FÍSICA
Extensión 13 (9) p.
440 #0 - MENCIÓN DE SERIE/ASIENTO SECUNDARIO--TÍTULO
Título Notes, comments...; 23
500 ## - NOTA GENERAL
Nota general Incluye bibliografía.
690 ## - PUNTO DE ACCESO ADICIONAL DE MATERIA LOCAL--TÉRMINO DE MATERIA (OCLC, RLIN)
Término de materia o nombre geográfico como elemento inicial Comidas escolares- Accion comunitaria- Paises en desarrollo
690 ## - PUNTO DE ACCESO ADICIONAL DE MATERIA LOCAL--TÉRMINO DE MATERIA (OCLC, RLIN)
Término de materia o nombre geográfico como elemento inicial Educacion nutricional- Paises en desarrollo
710 2# - ASIENTO SECUNDARIO - NOMBRE CORPORATIVO
Nombre de entidad corporativa o nombre de jurisdicción como elemento de entrada UNESCO
710 2# - ASIENTO SECUNDARIO - NOMBRE CORPORATIVO
Nombre de entidad corporativa o nombre de jurisdicción como elemento de entrada UNICEF
9 (RLIN) 24085
710 2# - ASIENTO SECUNDARIO - NOMBRE CORPORATIVO
Nombre de entidad corporativa o nombre de jurisdicción como elemento de entrada WFP.
905 ## - TIPO DE MATERIAL
Tipo de material UNESCO

No items available.